000
00266nam a22001097a 4500
082
_a
931.939 MUM'I
100
_a
MUMTAZ, HASAN
_9
79386
245
_a
IN QUEST OF DAIBUL AND OTHER SPEECHES
260
_a
KARACHI
_b
THE WRITERS GUID
_c
1968
300
_a
162P
942
_c
BK
999
_c
584430
_d
584430